'Van' Names Quiz Stats

 Plays Quiz Updated Feb 16, 2012

Challenge
Share
Tweet
Embed
Score 0/22 Timer 07:00
0 Plays Today
Hint Name % Correct
Legendary painter who lost part of his earVincent Van Gogh
78.6%
Artist with the 1967 hit 'Brown-Eyed Girl'Van Morrison
76.6%
David Lee Roth and Sammy Hagar sang in his bandEddie Van Halen
71.6%
He played a chimney sweep in 'Mary Poppins'Dick Van Dyke
65.5%
First US President not of British descentMartin Van Buren
64.1%
Washington Irving character known for falling asleepRip Van Winkle
62.1%
Legendary composer who lost his hearingLudwig van Beethoven
55.6%
2002 National Lampoon filmVan Wilder
55.2%
Count Dracula's archenemyAbraham Van Helsing
54.2%
Belgian martial artist and action movie star Jean-Claude Van Damme
45.8%
Star of 'Dawson's Creek' and 'Varsity Blues'James Van Der Beek
43%
Hint Name % Correct
Charlie Brown's blanket-hugging best friendLinus Van Pelt
37.9%
Brothers who are former NBA head coachesJeff & Stan Van Gundy
37.5%
Bart Simpson's bespectacled best friendMilhouse Van Houten
33.9%
Founder and lead singer of Lynyrd SkynyrdRonnie Van Zant
21.3%
Current host of 'On the Record' on Fox NewsGreta Van Susteren
21.1%
Portrayed Tom Bradford on 'Eight is Enough'Dick Van Patten
21%
Director of 'Good Will Hunting' and 'Milk'Gus Van Sant
20.7%
District of LA in the San Fernando ValleyVan Nuys
17.6%
The Bad of 'The Good, the Bad and the Ugly'Lee Van Cleef
15.7%
WWII film hero who starred in 'The Caine Mutiny'Van Johnson
10.3%
Author of 'Polar Express' and 'Jumanji'Chris Van Allsburg
6.7%

You're not logged in!

Compare scores with friends on all Sporcle quizzes.
Join for Free
OR
Log In

You Might Also Like...

Show Comments

Extras

Top Quizzes Today


Score Distribution

Your Account Isn't Verified!

In order to create a playlist on Sporcle, you need to verify the email address you used during registration. Go to your Sporcle Settings to finish the process.

Report this User

Report this user for behavior that violates our Community Guidelines.

Details: